[Event "KGZ-ch"]
[Site "Bishkek"]
[Date "2022.05.09"]
[Round "10"]
[White "Maznitsin, Andrei"]
[Black "Sharshenbiev, Adil"]
[Result "1-0"]
[WhiteElo "2243"]
[BlackElo "1845"]
[PlyCount "119"]
[EventDate "2022.04.30"]
[EventType "swiss"]
[EventRounds "11"]
[EventCountry "KGZ"]
[SourceTitle "EXT 2023"]
[Source "ChessBase"]
[SourceDate "2022.10.05"]
[SourceVersion "1"]
[SourceVersionDate "2022.10.05"]
[SourceQuality "1"]

1. c4 Nf6 2. Nf3 e6 3. g3 d5 4. Bg2 Be7 5. d4 0-0 6. 0-0 dxc4 7. Ne5 Nc6 8. Nxc6 bxc6 9. Na3 Bxa3 10. bxa3 Rb8 11. Qd2 Ba6 12. Qa5 Rb6 13. a4 Qe7 14. Qc3 Rfb8 15. Ba3 Qd7 16. Bc5 Rb2 17. Bxa7 R8b7 18. Bc5 Rb8 19. Rfe1 Nd5 20. Qa5 Qc8 21. Ba3 R2b6 22. Rac1 Qb7 23. Qc5 h6 24. h4 Qa8 25. h5 Qb7 26. Bf3 Qc8 27. Red1 Qb7 28. e3 Qa8 29. Kg2 Qb7 30. Rd2 Rb1 31. Rdd1 Rb6 32. Re1 Qc8 33. Rc2 Qb7 34. Rec1 Rb1 35. e4 Nf6 36. Qe5 Qb6 37. Rxb1 Qxb1 38. Qxc7 Rc8 39. Rc1 Qb8 40. Qa5 Qb7 41. Rc2 Ra8 42. Rb2 Qc8 43. Qc3 Rb8 44. a5 Rb5 45. Bc5 Nd7 46. a4 Rxb2 47. Qxb2 Nf6 48. Qc2 Qd8 49. Bb6 Qe7 50. Bc5 Qd8 51. Qc3 Qe8 52. Bd6 Qd8 53. Be5 Nd7 54. Be2 Nxe5 55. dxe5 Qe7 56. Qd4 Qb4 57. Qb6 Qd2 58. Qxa6 Qxe2 59. Qxc6 c3 60. a6 1-0

[Event "KGZ-ch"]
[Site "Bishkek"]
[Date "2022.05.08"]
[Round "9"]
[White "Markov, Mikhail2222"]
[Black "Sharshenbiev, Adil"]
[Result "1-0"]
[WhiteElo "2340"]
[BlackElo "1845"]
[PlyCount "73"]
[EventDate "2022.04.30"]
[EventType "swiss"]
[EventRounds "11"]
[EventCountry "KGZ"]
[SourceTitle "EXT 2023"]
[Source "ChessBase"]
[SourceDate "2022.10.05"]
[SourceVersion "1"]
[SourceVersionDate "2022.10.05"]
[SourceQuality "1"]

1. e4 c5 2. Nf3 d6 3. d4 cxd4 4. Nxd4 Nf6 5. Nc3 a6 6. Bc4 e6 7. a4 Qc7 8. Qe2 Be7 9. 0-0 0-0 10. a5 Bd7 11. Be3 Nc6 12. Nxc6 Bxc6 13. Bb6 Qc8 14. f4 d5 15. exd5 Bxd5 16. Nxd5 Nxd5 17. Bxd5 Bc5+ 18. Kh1 exd5 19. f5 Re8 20. Qd2 Bxb6 21. axb6 Re5 22. f6 g6 23. Ra3 Rh5 24. Re3 Qd7 25. Re5 Rh4 26. Rxd5 Qe8 27. Re1 Qf8 28. Rd7 h5 29. Ree7 Qb8 30. h3 Qg3 31. Rxf7 Rxh3+ 32. gxh3 Qxh3+ 33. Kg1 Qg3+ 34. Kf1 Qf3+ 35. Qf2 Qh3+ 36. Kg1 Qg4+ 37. Qg2 1-0

[Event "Asia-ch Universities"]
[Site "Chess.com INT"]
[Date "2020.12.28"]
[Round "6"]
[White "Mezentsev, Ivan"]
[Black "Sharshenbiev, Adil"]
[Result "1-0"]
[WhiteElo "2354"]
[BlackElo "1845"]
[PlyCount "59"]
[EventDate "2020.12.27"]
[EventType "swiss"]
[EventRounds "9"]
[EventCountry "IRI"]
[SourceTitle "CBM 200 Extra"]
[Source "ChessBase"]
[SourceDate "2021.03.31"]
[SourceVersion "1"]
[SourceVersionDate "2021.03.31"]
[SourceQuality "1"]

1. Nf3 Nf6 2. g3 g6 3. Bg2 Bg7 4. 0-0 0-0 5. d4 d6 6. c4 c6 7. Nc3 Bg4 8. h3 Bxf3 9. exf3 e5 10. dxe5 dxe5 11. Be3 Qc7 12. Qc2 Nbd7 13. Rfe1 Rfe8 14. Rad1 b6 15. Qd2 Bf8 16. f4 Rad8 17. Qc2 Bd6 18. fxe5 Nxe5 19. Bg5 Nh5 20. Bxd8 Rxd8 21. Ne4 f5 22. Nxd6 Rxd6 23. Rxd6 Qxd6 24. Qe2 Nf7 25. Qe6 Qd2 26. Bxc6 f4 27. Bd5 Kg7 28. Qxf7+ Kh6 29. Qf8+ Ng7 30. Qxf4+ 1-0

[Event "FISU World University"]
[Site "Tornelo INT"]
[Date "2020.10.27"]
[Round "4.34"]
[White "Herath, HMAY"]
[Black "Sharshenbiev, Adil"]
[Result "0-1"]
[WhiteElo "1555"]
[BlackElo "1845"]
[PlyCount "66"]
[EventDate "2020.10.26"]
[EventType "team-swiss (rapid)"]
[EventRounds "9"]
[EventCountry "NET"]
[SourceTitle "CBM 199 Extra"]
[Source "ChessBase"]
[SourceDate "2021.01.31"]
[SourceVersion "1"]
[SourceVersionDate "2021.01.31"]
[SourceQuality "1"]
[WhiteTeam "Sri Lanka IV"]
[BlackTeam "Kyrgyzstan"]
[WhiteTeamCountry "SRI"]
[BlackTeamCountry "KGZ"]

1. e4 c5 2. c3 d5 3. exd5 Qxd5 4. d4 cxd4 5. cxd4 Nc6 6. Nf3 Bg4 7. Be2 e6 8. Nc3 Bb4 9. 0-0 Qa5 10. Bd2 Nf6 11. a3 Bxc3 12. Bxc3 Qd5 13. Qa4 0-0 14. h3 Bh5 15. Rfe1 Rfd8 16. Rad1 Qd7 17. Qc2 Bg6 18. Qb3 Nd5 19. Ne5 Qe7 20. Nxc6 bxc6 21. Bf3 Rab8 22. Qc4 Qd6 23. Ba5 Rdc8 24. Rd2 Rb5 25. Bc3 h5 26. Rde2 Nf4 27. Re3 h4 28. Rd1 Rg5 29. Re5 Bf5 30. Rc5 Nxh3+ 31. Kf1 Qh2 32. Rxc6 Qg1+ 33. Ke2 Qxf2# 0-1

[Event "FISU World University"]
[Site "Tornelo INT"]
[Date "2020.10.26"]
[Round "1.9"]
[White "Makhnev, Denis"]
[Black "Sharshenbiev, Adil"]
[Result "1-0"]
[WhiteElo "2486"]
[BlackElo "1845"]
[PlyCount "93"]
[EventDate "2020.10.26"]
[EventType "team-swiss (rapid)"]
[EventRounds "9"]
[EventCountry "NET"]
[SourceTitle "CBM 199 Extra"]
[Source "ChessBase"]
[SourceDate "2021.01.31"]
[SourceVersion "1"]
[SourceVersionDate "2021.01.31"]
[SourceQuality "1"]
[WhiteTeam "Kazakhstan"]
[BlackTeam "Kyrgyzstan"]
[WhiteTeamCountry "KAZ"]
[BlackTeamCountry "KGZ"]

1. d4 Nf6 2. c4 g6 3. g3 Bg7 4. Bg2 0-0 5. Nc3 d6 6. Nf3 c6 7. 0-0 Bg4 8. h3 Bxf3 9. Bxf3 e5 10. e3 Qc7 11. Qc2 Nbd7 12. Rd1 Rfe8 13. b3 h6 14. Ba3 Bf8 15. Rd2 Qa5 16. Qb2 e4 17. Bg2 d5 18. Bxf8 Nxf8 19. cxd5 cxd5 20. Rc1 Ne6 21. Rdc2 Ng5 22. b4 Qa6 23. Kh2 Nf3+ 24. Kh1 Rad8 25. a4 Nh7 26. Nb5 Qxa4 27. Bf1 Qa6 28. Nc7 Qf6 29. Nxe8 Rxe8 30. Rc8 Rxc8 31. Rxc8+ Kg7 32. Qc1 Nhg5 33. Ra8 Nxd4 34. exd4 Qxf2 35. Bg2 Nf3 36. Qf1 Qxg3 37. Bxf3 exf3 38. Rxa7 h5 39. Ra3 Qf4 40. Rxf3 Qe4 41. Kh2 f5 42. Qf2 Qb1 43. Qe3 Qxb4 44. Qe5+ Kh7 45. Rg3 Qd2+ 46. Rg2 Qb4 47. Qf6 1-0

[Event "FISU World University"]
[Site "Tornelo INT"]
[Date "2020.10.26"]
[Round "3.28"]
[White "Olarte Parra, Jhoan Sebastian"]
[Black "Sharshenbiev, Adil"]
[Result "0-1"]
[WhiteElo "1999"]
[BlackElo "1845"]
[PlyCount "90"]
[EventDate "2020.10.26"]
[EventType "team-swiss (rapid)"]
[EventRounds "9"]
[EventCountry "NET"]
[SourceTitle "CBM 199 Extra"]
[Source "ChessBase"]
[SourceDate "2021.01.31"]
[SourceVersion "1"]
[SourceVersionDate "2021.01.31"]
[SourceQuality "1"]
[WhiteTeam "Colombia III"]
[BlackTeam "Kyrgyzstan"]
[WhiteTeamCountry "COL"]
[BlackTeamCountry "KGZ"]

1. f4 e5 2. fxe5 d6 3. exd6 Bxd6 4. Nf3 g5 5. d4 g4 6. Ng5 Qe7 7. Nc3 Bf5 8. e4 h6 9. Qe2 Bg6 10. e5 Bb4 11. Nge4 Nc6 12. Qxg4 Nxd4 13. Nf6+ Nxf6 14. Qxd4 Rd8 15. Qe3 Nd5 16. Qg3 Rg8 17. Bxh6 Bh7 18. Bg7 f5 19. 0-0-0 Bxc3 20. Bf6 Nxf6 21. Bb5+ c6 22. exf6 Rxd1+ 23. Rxd1 Rxg3 24. fxe7 Rg7 25. bxc3 cxb5 26. Rd8+ Kxe7 27. Rb8 Ke6 28. g3 Bg8 29. Re8+ Kd6 30. Kb2 Bd5 31. Re3 Rh7 32. h4 Be4 33. Kb3 Kc5 34. a3 Rg7 35. a4 bxa4+ 36. Kxa4 Bxc2+ 37. Ka3 Be4 38. Kb2 Kc4 39. h5 Rg5 40. h6 Rh5 41. g4 Rh2+ 42. Kc1 Rxh6 43. gxf5 Bxf5 44. Kb2 Rh2+ 45. Ka3 Bb1 0-1

[Event "KGZ-ch"]
[Site "Bishkek"]
[Date "2019.04.19"]
[Round "7"]
[White "Sharshenbiev, Adil"]
[Black "Dadabaev, Janybek"]
[Result "0-1"]
[WhiteElo "1795"]
[BlackElo "2081"]
[PlyCount "96"]
[EventDate "2019.04.13"]
[EventType "swiss"]
[EventRounds "9"]
[EventCountry "KGZ"]
[SourceTitle "CBM 190 Extra"]
[Source "ChessBase"]
[SourceDate "2019.07.15"]
[SourceVersion "1"]
[SourceVersionDate "2019.07.15"]
[SourceQuality "1"]

1. d4 Nf6 2. Nf3 e6 3. g3 b6 4. Bg2 Bb7 5. 0-0 Be7 6. c4 0-0 7. Nc3 d6 8. Qc2 c5 9. e4 cxd4 10. Nxd4 Qc8 11. b3 Nc6 12. Rd1 Nxd4 13. Rxd4 Rd8 14. Ba3 a6 15. Qd2 Qc7 16. Rd1 Ne8 17. Rd3 h6 18. Ne2 b5 19. Rc1 bxc4 20. Rxc4 Qd7 21. f4 d5 22. Bb2 Rac8 23. Rxc8 Qxc8 24. e5 Rd7 25. g4 Rc7 26. Bc3 a5 27. Rh3 Bc5+ 28. Nd4 a4 29. g5 h5 30. Bf1 g6 31. b4 Bb6 32. Bb5 Ng7 33. Bxa4 Nf5 34. Kg2 Rc4 35. Rd3 Bxd4 36. Bxd4 Ba6 37. Bb3 Rxb4 38. Qxb4 Bxd3 39. Bc5 Qa8 40. Kf2 d4 41. Qa4 Qh1 42. Qe8+ Kh7 43. Qxf7+ Ng7 44. Bxd4 Qf1+ 45. Kg3 h4+ 46. Kxh4 Qe1+ 47. Kg4 Bf5+ 48. Kf3 Qe4+ 0-1

[Event "KGZ-ch U20"]
[Site "Bishkek"]
[Date "2019.03.22"]
[Round "4"]
[White "Sharshenbiev, Adil"]
[Black "Mirlan Uulu, Syimyk"]
[Result "0-1"]
[WhiteElo "1914"]
[BlackElo "1773"]
[PlyCount "64"]
[EventDate "2019.03.19"]
[EventType "swiss"]
[EventRounds "9"]
[EventCountry "KGZ"]
[SourceTitle "CBM 190 Extra"]
[Source "ChessBase"]
[SourceDate "2019.07.15"]
[SourceVersion "1"]
[SourceVersionDate "2019.07.15"]
[SourceQuality "1"]

1. d4 d5 2. Nf3 Nf6 3. g3 Bf5 4. Bg2 e6 5. 0-0 Nbd7 6. c4 Be7 7. Qb3 Qc8 8. Nh4 dxc4 9. Qxb7 Qxb7 10. Bxb7 Rb8 11. Nxf5 Rxb7 12. Ne3 Nb6 13. Nd2 c5 14. dxc5 Bxc5 15. Nexc4 Nxc4 16. Nxc4 0-0 17. b3 Ne4 18. Ba3 Bxa3 19. Nxa3 Rd7 20. Nc4 Nd2 21. Rac1 Nxc4 22. Rxc4 Rfd8 23. Rfc1 g6 24. Rc7 Kg7 25. e3 h5 26. Kg2 Kf6 27. Kf3 g5 28. R1c5 g4+ 29. Ke4 Kg6 30. b4 Rd5 31. R5c6 Rd2 32. Rc2 R8d5 0-1

[Event "KGZ-ch U20"]
[Site "Bishkek"]
[Date "2019.03.19"]
[Round "1"]
[White "Zholdoshmamatov, Adilet"]
[Black "Sharshenbiev, Adil"]
[Result "1/2-1/2"]
[WhiteElo "1671"]
[BlackElo "1914"]
[PlyCount "35"]
[EventDate "2019.03.19"]
[EventType "swiss"]
[EventRounds "9"]
[EventCountry "KGZ"]
[SourceTitle "CBM 190 Extra"]
[Source "ChessBase"]
[SourceDate "2019.07.15"]
[SourceVersion "1"]
[SourceVersionDate "2019.07.15"]
[SourceQuality "1"]

1. e4 c5 2. Nc3 e6 3. f4 Nc6 4. Nf3 d5 5. Bb5 Nge7 6. exd5 exd5 7. Qe2 f6 8. Bxc6+ bxc6 9. 0-0 Kf7 10. d3 g6 11. Qf2 Nf5 12. Bd2 Bd6 13. Rae1 Re8 14. g4 Nd4 15. g5 Bh3 16. Qh4 Rxe1 17. Qxh7+ Kf8 18. Qh8+ 1/2-1/2

[Event "KGZ-ch U18"]
[Site "Bishkek"]
[Date "2019.01.10"]
[Round "7"]
[White "Sharshenbiev, Adil"]
[Black "Ajigulov, Nurmat"]
[Result "0-1"]
[WhiteElo "1862"]
[BlackElo "1740"]
[PlyCount "68"]
[EventDate "2019.01.04"]
[EventType "swiss"]
[EventRounds "9"]
[EventCountry "KGZ"]
[SourceTitle "CBM 189 Extra"]
[Source "ChessBase"]
[SourceDate "2019.06.03"]
[SourceVersion "1"]
[SourceVersionDate "2019.06.03"]
[SourceQuality "1"]

1. d4 Nf6 2. Nf3 g6 3. Nc3 Bg7 4. e4 d6 5. h3 c6 6. Be3 0-0 7. Qd2 e5 8. 0-0-0 Qa5 9. Bh6 b5 10. Bxg7 Kxg7 11. Bd3 Be6 12. a3 Nbd7 13. dxe5 dxe5 14. Ng5 Nc5 15. Qe3 Nxd3+ 16. Rxd3 Bc4 17. Rd6 h6 18. Nf3 b4 19. Nb1 Ba2 20. Rxc6 Bxb1 21. Kxb1 bxa3 22. Qxa3 Qxa3 23. bxa3 Nxe4 24. Nxe5 Rab8+ 25. Kc1 Rb5 26. Nd7 Rd8 27. f3 Ng3 28. c4 Nxh1 29. cxb5 Rxd7 30. a4 Ng3 31. Kc2 Ne2 32. Kb2 Kf8 33. Ka3 Rd4 34. Rc8+ Ke7 0-1

[Event "KGZ-ch U18"]
[Site "Bishkek"]
[Date "2019.01.09"]
[Round "6"]
[White "Sezdbekov, Ruslan"]
[Black "Sharshenbiev, Adil"]
[Result "1-0"]
[WhiteElo "2146"]
[BlackElo "1862"]
[PlyCount "86"]
[EventDate "2019.01.04"]
[EventType "swiss"]
[EventRounds "9"]
[EventCountry "KGZ"]
[SourceTitle "CBM 189 Extra"]
[Source "ChessBase"]
[SourceDate "2019.06.03"]
[SourceVersion "1"]
[SourceVersionDate "2019.06.03"]
[SourceQuality "1"]

1. e4 c5 2. Nf3 d6 3. d4 cxd4 4. Nxd4 Nf6 5. Nc3 a6 6. a4 Qc7 7. Be2 e6 8. 0-0 b6 9. f4 Bb7 10. Bf3 Nbd7 11. Qe2 Be7 12. Kh1 Nc5 13. e5 Nfd7 14. b4 Bxf3 15. Qxf3 Nb7 16. exd6 Bxd6 17. Ndb5 axb5 18. Nxb5 Qc8 19. Qxb7 Qxb7 20. Nxd6+ Ke7 21. Nxb7 Rhb8 22. Be3 Rxb7 23. c4 Rc7 24. Rfc1 Rac8 25. a5 Rxc4 26. Bc5+ R4xc5 27. bxc5 bxc5 28. a6 Kd6 29. Rcb1 Kc6 30. a7 Ra8 31. Kg1 Kc7 32. Kf2 Nb6 33. Ra5 Nd7 34. Ke3 h5 35. Kd3 g6 36. Kc4 Kc8 37. Rd1 f6 38. Rd6 e5 39. fxe5 Nxe5+ 40. Kxc5 g5 41. Kd5 Nd7 42. Kc6 Ne5+ 43. Rxe5 fxe5 1-0

[Event "Bishkek Smart Cup 4th"]
[Site "Bishkek"]
[Date "2019.??.??"]
[Round "8"]
[White "Onufrienko, Vladislav"]
[Black "Sharshenbiev, Adil"]
[Result "1-0"]
[WhiteElo "1634"]
[BlackElo "1860"]
[PlyCount "117"]
[EventDate "2019.02.01"]
[EventType "swiss"]
[EventRounds "9"]
[EventCountry "KGZ"]
[SourceTitle "EXT 2021"]
[Source "ChessBase"]
[SourceDate "2020.10.23"]
[SourceVersion "1"]
[SourceVersionDate "2020.10.23"]
[SourceQuality "1"]

1. d4 d5 2. c4 e6 3. Nc3 Nf6 4. Bg5 Be7 5. e3 0-0 6. cxd5 Nxd5 7. Bxe7 Qxe7 8. Bd3 Nxc3 9. bxc3 c5 10. Nf3 Nd7 11. 0-0 e5 12. Qc2 g6 13. e4 cxd4 14. cxd4 exd4 15. Nxd4 Nc5 16. Rac1 b6 17. Nb3 Nxd3 18. Qxd3 Bb7 19. Rfe1 Rac8 20. f3 Qa3 21. Qd7 Rxc1 22. Rxc1 Qxa2 23. Nd4 Qd2 24. Ra1 Rc8 25. h4 Rc1+ 26. Rxc1 Qxc1+ 27. Kh2 Qc8 28. Qd6 Qc5 29. Qd8+ Kg7 30. Ne6+ fxe6 31. Qd7+ Kf6 32. Qxb7 Qe7 33. Qc8 Kg7 34. Kh3 b5 35. g4 b4 36. f4 a5 37. Qa6 e5 38. f5 gxf5 39. gxf5 Qc7 40. h5 b3 41. h6+ Kf8 42. Qf6+ Qf7 43. Qh8+ Qg8 44. Qxe5 a4 45. Qd6+ Ke8 46. Qc6+ Kf7 47. Qxa4 Kf6 48. Qd4+ Ke7 49. Qc5+ Kf7 50. Qc3 Kf8 51. Qc8+ Kf7 52. Qc7+ Kf8 53. Qc5+ Kf7 54. Qa7+ Kf6 55. Qd4+ Kf7 56. e5 Qc8 57. e6+ Ke7 58. f6+ Ke8 59. f7+ 1-0

[Event "KGZ-ch HL"]
[Site "Bishkek"]
[Date "2018.05.16"]
[Round "6"]
[White "Isirailov, Tynar"]
[Black "Sharshenbiev, Adil"]
[Result "0-1"]
[WhiteElo "1694"]
[BlackElo "1541"]
[PlyCount "105"]
[EventDate "2018.05.11"]
[EventType "swiss"]
[EventRounds "9"]
[EventCountry "KGZ"]
[SourceTitle "EXT 2019"]
[Source "ChessBase"]
[SourceDate "2018.10.10"]
[SourceVersion "1"]
[SourceVersionDate "2018.10.10"]
[SourceQuality "1"]

1. c4 Nf6 2. Nc3 g6 3. g3 Bg7 4. Bg2 0-0 5. Nf3 d6 6. 0-0 e5 7. d3 Ne8 8. e4 c6 9. h3 f5 10. exf5 Bxf5 11. Kh2 Be6 12. Be3 Nd7 13. Ng5 Nc7 14. Nce4 Nf6 15. Qb3 Nxe4 16. dxe4 Qd7 17. Rad1 b6 18. Rd2 h6 19. Nxe6 Qxe6 20. Rfd1 Rfd8 21. h4 c5 22. Bh3 Qe7 23. Qa4 Bf8 24. Qc6 Qf7 25. f4 exf4 26. Bxf4 Ne6 27. Be3 Bg7 28. Bxe6 Qxe6 29. Rxd6 Rxd6 30. Rxd6 Qe8 31. Qd5+ Kh7 32. h5 g5 33. Qf5+ Kh8 34. Rg6 Rd8 35. Bxg5 hxg5 36. h6 Be5 37. h7 Bg7 38. Rxg5 Rd2+ 39. Kh3 Qd7 40. Qxd7 Rxd7 41. Rd5 Re7 42. b3 Kxh7 43. Kg4 Rxe4+ 44. Kf5 Re2 45. a3 Re3 46. b4 cxb4 47. axb4 Rb3 48. c5 Rxb4 49. cxb6 axb6 50. g4 Rc4 51. Rd6 Rc5+ 52. Kf4 b5 53. Rb6 0-1